Largest Cities in Western Europe with a Map - Statistics

General Stats
  • This quiz has been taken 2,590 times
    526 since last reset
  • The average score is 32 of 35
Answers on the Map
Answers color-coded by a green-red scale on the quiz's map according to % correct below.
 
Answer Stats
Population Country City % Correct
14.9 m United Kingdom London
100%
11.5 m France Paris
100%
3.4 m Italy Rome
100%
4.9 m Spain Barcelona
99%
4.9 m Germany Berlin
99%
1.5 m Ireland Dublin
99%
2.5 m Portugal Lisbon
99%
6.7 m Spain Madrid
99%
6.1 m Italy Milan
98%
2.5 m Netherlands Amsterdam
97%
3.6 m Greece Athens
97%
2.8 m Belgium Brussels
97%
2.4 m Austria Vienna
97%
3.2 m United Kingdom Manchester
96%
2.3 m Sweden Stockholm
96%
1.8 m Denmark Copenhagen
95%
1.5 m Finland Helsinki
95%
2.3 m Germany Munich
95%
4.0 m Italy Naples
95%
1.7 m United Kingdom Glasgow
94%
2.9 m Germany Hamburg
94%
1.9 m United Kingdom Liverpool
93%
1.7 m France Marseille
93%
3.3 m United Kingdom Birmingham
92%
5.0 m Germany Cologne / Dusseldorf
91%
3.3 m Germany Frankfurt am Main
91%
2.0 m France Lyon
91%
1.6 m Portugal Porto
91%
3.4 m Netherlands Rotterdam
91%
1.9 m Spain Valencia
87%
1.6 m Italy Turin
85%
2.2 m United Kingdom Leeds
83%
2.4 m Germany Stuttgart
76%
1.5 m United Kingdom Sheffield
67%
1.6 m Germany Mannheim
50%
No matching quizzes found
Score Distribution
Percent of People with Each Score
Percentile by Number Answered
Your Score History
You have not taken this quiz since the last reset